| 000 | 00883nam a22002417a 4500 | ||
|---|---|---|---|
| 005 | 20170124110253.0 | ||
| 010 | _aA-071892 | ||
| 020 |
_c00.00 _a0521212685 |
||
| 035 | _aA-071892 | ||
| 037 | _bCen Lib/Ret | ||
| 040 |
_aDPL _bEN |
||
| 082 |
_a616.01 _bBAL |
||
| 100 |
_aBaldry, Peter _924936 |
||
| 245 |
_aThe battle against bacteria : _cby Peter Baldry _ba fresh look : a history of man's fight against bacterial disease with special reference to the development of antibacterial drugs / |
||
| 246 | _b | ||
| 260 |
_aLondon _bCambridge University Press _c1976 |
||
| 270 |
_bLondon _aBentley House, 200, Euston Road |
||
| 300 |
_ax,179p. : _c21cm(Hb) _bill. |
||
| 500 | _aIncludes index | ||
| 650 |
_aMedical bacteriology -- History. _9100875 |
||
| 650 |
_aAnti-Infective Agents -- History -- Popular Works. _9100876 |
||
| 942 |
_2ddc _cEN _h616.01 _mBAL |
||
| 999 |
_c136046 _d136046 |
||